Inventando la empresa del siglo XXI / (Record no. 40110)

MARC details
000 -LEADER
campo de control de longitud fija 00501nam a2200193 4500
001 - NÚMERO DE CONTROL
campo de control 20192
005 - FECHA Y HORA DE LA ÚLTIMA TRANSACCIÓN
campo de control 20230410105613.0
008 - DATOS DE LONGITUD FIJA--INFORMACIÓN GENERAL
campo de control de longitud fija 060907n1997 dr spa
020 ## - NÚMERO INTERNACIONAL ESTÁNDAR DEL LIBRO
Número Internacional Estándar del Libro 9562010790
035 ## - NÚMERO DE CONTROL DEL SISTEMA
-- funglode20344
041 ## - CÓDIGO DE IDIOMA
Código de lengua del texto/banda sonora o título independiente ES
050 14 - SIGNATURA TOPOGRÁFICA DE LA BIBLIOTECA DEL CONGRESO
Número de clasificación HD 30.3 F634i 1997
100 ## - ENTRADA PRINCIPAL--NOMBRE DE PERSONA
Nombre de persona Flores, Fernando
245 1# - MENCIÓN DEL TÍTULO
Título Inventando la empresa del siglo XXI /
Mención de responsabilidad, etc. Fernando Flores
250 ## - MENCION DE EDICION
Mención de edición 10
260 ## - PUBLICACIÓN, DISTRIBUCIÓN, ETC.
Lugar de publicación, distribución, etc. Santiago, Chile :
Nombre del editor, distribuidor, etc. Dolmen Ediciones,
Fecha de publicación, distribución, etc. 1997
300 ## - DESCRIPCIÓN FÍSICA
Extensión 115 p.
942 ## - ELEMENTOS DE ENTRADA SECUNDARIOS (KOHA)
Fuente del sistema de clasificación o colocación Clasificación de Library of Congress
Tipo de ítem Koha
Holdings
Estatus retirado Estado de pérdida Fuente del sistema de clasificación o colocación Estado de daño No para préstamo Colección Biblioteca de origen Biblioteca actual Ubicación en estantería Fecha de adquisición Serial enumeration / chronology Signatura topográfica completa Código de barras Visto por última vez Tipo de ítem Koha
    Clasificación de Library of Congress     Ciencias Sociales Biblioteca Juan Bosch Biblioteca Juan Bosch Ciencias Sociales (3er. Piso) 24/10/2018 1 HD 30.3 F634i 1997 00000019501 24/10/2018